アニメ「アイドルマスター」に使用された楽曲 - Statistics

General Stats
  • This quiz has been taken 18 times
    12 since last reset
  • The average score is 20 of 71
Answer Stats
Hint Answer % Correct
OP CHANGE!!!!
82%
OP READY!!
82%
7話等 キラメキラリ
73%
8話等 エージェント夜を往く
73%
18話 いっぱいいっぱい
73%
6話ED等 THE IDOLM@STER
73%
4話等 乙女よ大志を抱け!!
64%
13話 自分REST@RT
64%
20話ED 約束
55%
13話 スタ→トスタ→
55%
13話 マリオネットの心
55%
21話 眠り姫
55%
4話ED等 蒼い鳥
45%
13話等 フラワーガール
45%
17話 自転車
45%
10話ED GO MY WAY!!
45%
19話ED等 風花
36%
21話ED
36%
15話 スマイル体操
36%
18話等 七彩ボタン
36%
21話 恋をはじめよう
36%
21話
36%
3話 ALRIGHT*
36%
13話 Day of the future
36%
13話ED等 i
36%
1話ED The world is all one !!
36%
9話ED 黎明スターライン
27%
12話ED ショッキングな彼
27%
18話ED 魔法をかけて!
27%
11話 笑って!
27%
26話 隣に...
27%
16話ED Brand New Day!
27%
14話ED Colorful Days
27%
3話ED First Stage
27%
13話 Next Life
27%
11話ED START!!
27%
16話 TRIAL DANCE
27%
7話ED等 おはよう!!朝ご飯
18%
24話ED まっすぐ
18%
2話等 私はアイドル♡
18%
12話 ふるふるフューチャー☆
18%
13話等 目が逢う瞬間
18%
14話 キミはメロディ
18%
10話 Alice or Guilty
18%
6話 SMOKY THRILL
18%
23話 Little Match Girl
18%
10話 L・O・B・M
18%
8話 迷走Mind
18%
5話ED MOONY
18%
22話 relations
18%
5話 神SUMMER!!
18%
17話ED チアリングレター
9%
25話ED いっしょ
9%
8話 晴れ色
9%
13話 思い出をありがとう
9%
25話 私たちはずっと…でしょう?
9%
15話 arcadia
9%
2話ED ポジティブ!
9%
22話 inferno
9%
15話ED MEGARE!
9%
26話ED my song
9%
8話 shiny smile(REM@STER-A)
9%
8話ED ハニカミ! ファーストバイト
0%
22話 あったかな雪
0%
24話 さよならをありがとう
0%
22話ED Happy Christmas
0%
24話 Honey Heartbeat
0%
23話ED 見つめて(Instrumental)
0%
13話 My Best Friend
0%
22話 My Wish
0%
25話 READY!!&CHANGE!!!! SPECIAL EDITION
0%
No matching quizzes found
Score Distribution
Percent of People with Each Score
Percentile by Number Answered
Your Score History
You have not taken this quiz since the last reset